[Event "Wch Rapid"]
[Site "Riadh"]
[Date "2017.12.28"]
[Round "14"]
[White "Miswadah, Baha"]
[Black "Al Juhani, Bakr"]
[Result "1-0"]
[WhiteElo "1877"]
[BlackElo "1854"]
[PlyCount "132"]
[EventDate "2017.12.26"]
[EventType "swiss (rapid)"]
[EventRounds "15"]
[EventCountry "SAU"]
[SourceTitle "CBM 182 Extra"]
[Source "ChessBase"]
[SourceDate "2018.02.23"]
[SourceVersion "1"]
[SourceVersionDate "2018.02.23"]
[SourceQuality "1"]

1. e4 c5 2. Nf3 d6 3. d4 cxd4 4. Nxd4 g6 5. Nc3 Nf6 6. f3 a6 7. Be3 b5 8. Qd2 Bb7 9. a3 Nbd7 10. g4 h6 11. h4 Rc8 12. 0-0-0 Nc5 13. Kb1 Nfd7 14. Be2 Bg7 15. h5 g5 16. Nf5 Be5 17. Rhf1 Ne6 18. Nd5 Bxd5 19. exd5 Nf4 20. Bd3 Nc5 21. Bxc5 Rxc5 22. Be4 Qb6 23. c3 a5 24. Nd4 b4 25. cxb4 axb4 26. axb4 Rc8 27. Nc6 Ra8 28. Nxe5 dxe5 29. d6 Rd8 30. Qc3 exd6 31. Qc6+ Qxc6 32. Bxc6+ Ke7 33. Kc2 d5 34. b5 d4 35. Ra1 Rb8 36. Ra7+ Kf6 37. Rfa1 Rhc8 38. Kd2 Ne6 39. R1a6 Kg7 40. Ra8 Nc7 41. Rxb8 Rxb8 42. Ra5 Rb6 43. Kd3 Kf6 44. b4 Ke6 45. Ke4 Kf6 46. Kd3 Ke6 47. Kc4 Kd6 48. Ra7 Rb8 49. Ra3 f6 50. Ra7 Rb6 51. Rb7 Rxb7 52. Bxb7 d3 53. Be4 d2 54. Bc2 Na8 55. Kd3 Kd5 56. Kxd2 Kd4 57. Be4 Nb6 58. Kc2 Kc4 59. Bc6 Kxb4 60. Kd3 Kc5 61. Ke4 Kd6 62. Kf5 Ke7 63. Kg6 Ke6 64. Kxh6 f5 65. Kxg5 fxg4 66. fxg4 Nc8 1-0

[Event "Wch Rapid"]
[Site "Riadh"]
[Date "2017.12.27"]
[Round "10"]
[White "Al Juhani, Bakr"]
[Black "Alem, Ali Hussien"]
[Result "0-1"]
[WhiteElo "1854"]
[BlackElo "1745"]
[PlyCount "70"]
[EventDate "2017.12.26"]
[EventType "swiss (rapid)"]
[EventRounds "15"]
[EventCountry "SAU"]
[SourceTitle "CBM 182 Extra"]
[Source "ChessBase"]
[SourceDate "2018.02.23"]
[SourceVersion "1"]
[SourceVersionDate "2018.02.23"]
[SourceQuality "1"]

1. e4 e6 2. d3 d5 3. Nd2 c5 4. Ngf3 Nf6 5. g3 Be7 6. Bg2 d4 7. 0-0 Nc6 8. e5 Nd7 9. Re1 Qc7 10. Qe2 0-0 11. a4 Nb4 12. Nc4 Rb8 13. c3 dxc3 14. bxc3 Nd5 15. Bd2 a6 16. a5 b5 17. axb6 N7xb6 18. Nxb6 Qxb6 19. h4 Rd8 20. Ng5 Qb2 21. Bxd5 Rxd5 22. Reb1 Qxb1+ 23. Rxb1 Rxb1+ 24. Kh2 Bb7 25. Ne4 Rxe5 26. Bf4 Rd5 27. Qc2 Rb6 28. Qa4 Rd8 29. Bc7 Bc6 30. Qc2 Rdb8 31. Bxb8 Rxb8 32. Qa2 h6 33. Qxa6 Bd5 34. Qa7 Rb7 35. Qa2 Bxa2 0-1

[Event "Wch Rapid"]
[Site "Riadh"]
[Date "2017.12.26"]
[Round "2"]
[White "Al Juhani, Bakr"]
[Black "Dzhumagaliev, Yan"]
[Result "0-1"]
[WhiteElo "1854"]
[BlackElo "2400"]
[PlyCount "70"]
[EventDate "2017.12.26"]
[EventType "swiss (rapid)"]
[EventRounds "15"]
[EventCountry "SAU"]
[SourceTitle "CBM 182 Extra"]
[Source "ChessBase"]
[SourceDate "2018.02.23"]
[SourceVersion "1"]
[SourceVersionDate "2018.02.23"]
[SourceQuality "1"]

1. e4 c5 2. Nf3 e6 3. Bd3 Nc6 4. c3 d5 5. e5 Qc7 6. Qe2 Nge7 7. Bc2 Bd7 8. 0-0 d4 9. d3 Ng6 10. Re1 Be7 11. Nbd2 0-0 12. Nc4 b5 13. Ncd2 a6 14. cxd4 cxd4 15. Nb3 Qb6 16. Bd2 Rfd8 17. Rac1 a5 18. Qe4 Be8 19. Bf4 a4 20. Nbd2 Nb4 21. Bb1 Bc6 22. Rxc6 Qxc6 23. Qxc6 Nxc6 24. Bg3 Bb4 25. a3 Ba5 26. Rd1 Bxd2 27. Rxd2 Rac8 28. Rd1 Na5 29. Nd2 Rd5 30. f4 Rdc5 31. Ba2 Rc1 32. Rxc1 Rxc1+ 33. Kf2 Ra1 34. f5 Nf8 35. Bb1 Nb3 0-1